000 01049 a2200289 4500
003 OSt
005 20230829140556.0
008 230218s2017 mx ad||f |||| 001 0 spa d
020 _a9786076229347
040 _cCHAP
082 0 0 _222
_a658.7882
_bC12 2017
245 0 3 _aLa cadena de suministro /
_ccoordinado por Federico Sabrià; con la colaboración de Arturo T. de Zan, Aurelia Fernández y Juan Carlos Pascual
250 _aTercera edición
264 _aMéxico:
_bAlfaomega,
_c2017.
300 _a208 páginas:
_bIlustraciones, cuadros, gráficas, tablas
490 1 _aAdministración.
504 _aIncluye índice y bibliografía
650 4 _9931
_aAdministración industrial
650 4 _9126460
_aAdministración de la producción
650 4 _9163546
_aLogística en los negocios
700 1 _9187814
_aSabrià, Federico
700 1 _9187815
_aDe Zan, Arturo T.
700 1 _9187816
_aFernández, Aurelia
700 1 _9187817
_aPascual, Juan Carlos
830 _9187786
_aAdministración.
_pLogística.
942 _cLibro
_2ddc
999 _c218383
_d218383